Central Library OPAC University of Rajshahi

England under the Normans and Angevins, 1066-1272 / (Record no. 24418)

MARC details
000 -LEADER
fixed length control field 00899cam a22002773a 4500
001 - CONTROL NUMBER
control field 24418
003 - CONTROL NUMBER IDENTIFIER
rucl marc code BD-RjUL
005 - DATE AND TIME OF LATEST TRANSACTION
control field 20211209001040.0
008 - FIXED-LENGTH DATA ELEMENTS--GENERAL INFORMATION
fixed length control field 140313s1949 1921 enkbj b 001 0 eng d
035 ## - SYSTEM CONTROL NUMBER
System control number (BD-RjUL)24484
040 ## - CATALOGING SOURCE
Original cataloging agency MNN
Transcribing agency MNN
Modifying agency BD-RjUL
Language of cataloging eng
041 ## - LANGUAGE CODE
Language code of text/sound track or separate title eng
082 ## - DEWEY DECIMAL CLASSIFICATION NUMBER
Classification number 942.02
Author mark and year DAE 1949
090 ## - LOCALLY ASSIGNED LC-TYPE CALL NUMBER (OCLC); LOCAL CALL NUMBER (OCLC)
Classification number (OCLC) (R) ; Classification number, CALL (RLIN) (NR) DA30
Local cutter number (OCLC) ; Book number/undivided call number, CALL (RLIN) .H67 v.2
100 1# - MAIN ENTRY--PERSONAL NAME
Personal name Davis, H. W. Carless
Fuller form of name (Henry William Carless),
Dates associated with a name 1874-1928.
9 (RLIN) 75173
245 10 - TITLE STATEMENT
Title England under the Normans and Angevins, 1066-1272 /
Statement of responsibility, etc. H. W. C. Davis.
250 ## - EDITION STATEMENT
Edition statement 13th ed.
260 ## - PUBLICATION, DISTRIBUTION, ETC. (IMPRINT)
Place of publication, distribution, etc. London :
Name of publisher, distributor, etc. Methuen,
Date of publication, distribution, etc. 1921 [Revised 1949]
300 ## - PHYSICAL DESCRIPTION
Pagination xx , 591 p. :
Illustrations maps ;
Size 22 cm.
490 1# - SERIES STATEMENT
Series statement History of England (Methuen) ;
Volume/sequential designation 2
504 ## - BIBLIOGRAPHY, ETC. NOTE
Bibliography, etc Bibliography: p. 534-544.
651 #0 - SUBJECT ADDED ENTRY--GEOGRAPHIC NAME
Geographic name Great Britain
General subdivision History
Chronological subdivision Medieval period, 1066-1485.
9 (RLIN) 12704
830 #0 - SERIES ADDED ENTRY--UNIFORM TITLE
Volume number/sequential designation 2
Uniform title History of England (Methuen) ;
942 ## - ADDED ENTRY ELEMENTS (KOHA)
Source of classification or shelving scheme Dewey Decimal Classification
Koha item type Books
Holdings
Lost status Source of classification or shelving scheme Damaged status Not for loan Collection code Permanent Location Current Location Shelving location Date acquired Source of acquisition Cost, normal purchase price Total Checkouts Full call number Date last seen Copy number Koha item type
  Dewey Decimal Classification   Added to bundle Non-fiction Central Library, University of Rajshahi Central Library, University of Rajshahi Reading Room 25/09/1955 B.H. Black Well 1.25   942.02 DAE 1949 13/03/2014 C-1 Books
  Dewey Decimal Classification   Added to bundle Non-fiction Central Library, University of Rajshahi Central Library, University of Rajshahi Reading Room 13/03/2014       942.02 DAE 1949 13/03/2014 C-1 Books